| 000 | 01264nam a2200313 c 4500 | ||
|---|---|---|---|
| 999 |
_c164219 _d164219 |
||
| 003 | BLK | ||
| 005 | 20250201005444.0 | ||
| 008 | 180410b bul|||||r ||||||| ||bul|| | ||
| 010 | _aKNG00171717000 | ||
| 040 | _aBLK | ||
| 041 |
_aBUL _cBUL |
||
| 080 |
_aБългарска литература _b821.163.2 _x-82 _z821.163.2-82 |
||
| 139 |
_aВлайков, Тодор Генчов _bВ 71 |
||
| 245 | 1 | 0 |
_aСъчинения _bВ 8 т. _cТодор Генчов Влайков; предг. от Георги Константинов; ред. на том Иван Сестримски. _nТ. 4. |
| 257 | _aBGR | ||
| 260 |
_bБълг. писател _c1963-1964 _aСофия |
||
| 300 | _c25 см | ||
| 380 | _aX | ||
| 700 |
_aКонстантинов, Георги _gХристов, Георги Константинов _9364908 |
||
| 700 | 1 |
_aСестримски, Иван _eред. на том _9363551 |
|
| 760 | 1 |
_aВлайков, Тодор Генчов _d1963 _h419 с., 4 л. : портр. _tТ. 4. |
|
| 852 | _aЦб 25922 | ||
| 856 | 4 | _qpdf | |
| 856 | 4 | _qpdf | |
| 942 |
_cKNG _n0 _s1 |
||
| 944 |
_aCR _c20.02.2015 _k _lCRON CRON |
||
| 944 |
_aED _c20.02.2015 _kРенета_Константинова |
||
| 999 | _d164219 | ||